KOHA-Header-6

Neuroscience (BIOS INSTANT NOTES) (Record no. 1411)

000 -LEADER
fixed length control field 00338nam a2200133Ia 4500
008 - FIXED-LENGTH DATA ELEMENTS--GENERAL INFORMATION
fixed length control field 190723s9999 xx 000 0 und d
020 ## - INTERNATIONAL STANDARD BOOK NUMBER
International Standard Book Number 978-0-4156-0769-8
100 ## - MAIN ENTRY--PERSONAL NAME
Personal name Alan Longstaff
245 #0 - TITLE STATEMENT
Title Neuroscience (BIOS INSTANT NOTES)
250 ## - EDITION STATEMENT
Edition statement 3rd
260 ## - PUBLICATION, DISTRIBUTION, ETC. (IMPRINT)
Place of publication, distribution, etc New York
Name of publisher, distributor, etc GS Garland Science
Date of publication, distribution, etc 2011
300 ## - PHYSICAL DESCRIPTION
Extent 379.:P
942 ## - ADDED ENTRY ELEMENTS (KOHA)
Koha item type Books
Holdings
Withdrawn status Lost status Damaged status Not for loan Permanent Location Current Location Shelving location Date acquired Total Checkouts Full call number Barcode Date last seen Date checked out Price effective from Koha item type
        MAJU MAJU Shelf No.A36 2019-07-23 3 612.8 8035 2022-05-21 2022-05-16 2019-07-23 Bio Science

Powered by Koha